Countries By Their Christmas Dishes - Statistics

General Stats
  • This quiz has been taken 17 times
  • The average score is 8 of 16
Answer Stats
Dish Local name Answer % Correct
Panettone Panettone Italy
86%
Dumplings with cabbage and mushrooms Pierogi z kapustą i grzybami Poland
79%
Iberian ham Jamón ibérico Spain
79%
Fatty duck or goose liver Foie gras France
71%
Roast Goose Weihnachtsgans Germany
71%
Roast suckling pig Kǎo rǔ zhū China
57%
Skin and blubber of a whale Muktuk Greenland
50%
KFC chicken KFC chikin Japan
50%
Christmas ham Julskinka Sweden
50%
Fish soup (carp-based) Halászlé Hungary
43%
Roast guinea pig Cuy al horno Peru
43%
Salted cod stew with vegetables Bacalao a la Vizcaína Mexico
29%
Roast pork ribs Ribbe Norway
21%
Corn dough with meat wrapped in plantain leaves Hallacas Venezuela
21%
Roast lamb with rice Fatta Egypt
0%
Spiced lentil stew Kik alicha Ethiopia
0%
No matching quizzes found
Score Distribution
Percent of People with Each Score
Percentile by Number Answered
Your Score History
You have not taken this quiz